India after Independence:Swatantrottar bharat (Record no. 360267)

MARC details
000 -LEADER
fixed length control field 004490000a22001450004500
005 - DATE AND TIME OF LATEST TRANSACTION
control field 20120302063719.0
040 ## - CATALOGING SOURCE
Original cataloging agency Mar
100 ## - MAIN ENTRY--PERSONAL NAME
Personal name Chandra,Bipan;Mukharji,Mrudula;Aaditya,Mukharji
245 ## - TITLE STATEMENT
Title India after Independence:Swatantrottar bharat
260 ## - PUBLICATION, DISTRIBUTION, ETC. (IMPRINT)
Place of publication, distribution, etc Pune:K'sagar publications
300 ## - PHYSICAL DESCRIPTION
Extent 707p.
365 ## - TRADE PRICE
Price amount 270/-
650 ## - SUBJECT ADDED ENTRY--TOPICAL TERM
Topical term or geographic name as entry element TMC,India (after Independence),Neharu,Indira Gandhi,Bharatiya arthavevastha,Bharatiya Stree
942 ## - ADDED ENTRY ELEMENTS (KOHA)
Koha item type Book
Holdings
Withdrawn status Lost status Damaged status Not for loan Home library Current library Date acquired Total Checkouts Barcode Date last seen Price effective from
        Institute For Oriental Study, Thane Institute For Oriental Study, Thane 12/02/2009   IOS-M 21318 12/02/2009 12/02/2009